Tratado del esfuerzo belico heroyco

Guardat en:
Dades bibliogràfiques
Autor principal: López de Palacios Rubios, Juan (autor)
Format: Llibre
Idioma:espanyol
Publicat: Madrid Imprenta de Sancha 1793
Edició:3a. ed
Matèries:
Etiquetes: Afegir etiqueta
Sense etiquetes, Sigues el primer a etiquetar aquest registre!

MARC

LEADER 00000nam a2200000 a 4500
001 UCJ8781
003 CL-VaPUC
005 20220526162235.0
008 070124e17930503SP |||||||||||||||||spa|d
999 |c 324433  |d 324431 
040 |c Pontificia Universidad Católica de Valparaíso 
082 0 4 |a 401.43  |b RUB  |2 21 
100 1 |a López de Palacios Rubios, Juan  |e autor  |9 867151 
245 1 0 |a Tratado del esfuerzo belico heroyco 
250 |a 3a. ed 
260 |a Madrid  |b Imprenta de Sancha  |c 1793 
300 |a 145 p 
500 |a Extractamos parte de la dedicatoria a Manuel Godoy, Primer Secretario de Estado, firmada por Fray Francisco Morales que dice: "Todo su objeto, y los principios, sobre que esta fundada, se dirigen a enseñar los caminos, que conducen al alto grado del heroismo militar; y a la verdad que no podia escogerse, para su publicacion tiempo mas oportuno, que el presente, en el qual hay tanta necesidad de renovar las acciones gloriosas de nuestros mayores, para combatir con la espada en la mano esa turba insensata de philosophos, que con osadia temeraria pretenden destruir lo que se ha considerado, y debe considerarse como mas sagrado en la tierra...verá el lector, el nacimiento, origen, creces y perfección de nuestra lengua, especialmente, el uso originario y metaphorico de muchos vocablos"" 
500 |a El Doctor Palacios Rubios fue autor de las célebres Leyes de Toro y perteneció al Colegio de San Bartolomé de Salamanca 
500 |a La primera edición de esta obra es de 1524, en Salamanca; la segunda, de 1616, impresa en Amberes. Las palabras del presentador, reflejan su queja contra el afrancesamiento de la corte y sociedad españolas, contra la corrupcioón ideomática y contra el desempeño de algunos editores y traductores. Asimismo, muestra un anhelo por restituir la antigua habla española 
583 |a last modification  |c 20070124 00:00:00  |k Rodrigo Vera 
600 0 7 |a GODOY, MANUEL  |2 CL-VaPUC  |9 518017 
600 0 7 |a Morales, Francisco, Fray  |9 867153 
650 0 |a Etimología  |9 337976 
650 0 |a Ontología   |9 256850 
650 0 |a Historia antigua  |9 267521 
650 0 |a Historia de España  |9 315435 
650 0 |a Axiología  |9 334895 
650 0 |a Virtudes  |9 309526 
650 7 |a ILUSTRACION ESPAÑOLA  |2 CL-VaPUC  |9 518019 
651 0 |a España  |9 254926 
942 |c BK  |2 ddc 
945 |d 20070124 00:00:00  |a fvergara 
952 |0 0  |1 0  |4 0  |6 401_430000000000000_RUB_1793  |7 0  |8 X  |9 404545  |a FDOBUD  |b FDOBUD  |d 2019-11-22  |i 1084038  |o 401.43 RUB 1793  |p 1084038  |r 2019-11-22  |w 2019-11-22  |y BK_X  |k BUD